[Event "EU-chT 24th"]
[Site "Budva"]
[Date "2023.11.13"]
[Round "3.13"]
[White "Moroni, Luca Jr"]
[Black "Macovei, Andrei"]
[Result "1-0"]
[WhiteElo "2575"]
[BlackElo "2446"]
[PlyCount "106"]
[EventDate "2023.11.11"]
[EventType "team-swiss"]
[EventRounds "9"]
[EventCountry "MNE"]
[SourceTitle "CB47_2023"]
[SourceDate "2023.11.22"]
[SourceVersion "1"]
[SourceVersionDate "2023.11.22"]
[SourceQuality "1"]
[WhiteTeam "Italy"]
[BlackTeam "Moldova"]
[WhiteTeamCountry "ITA"]
[BlackTeamCountry "MDA"]

1. c4 e6 2. Nc3 d5 3. d4 Nf6 4. cxd5 Nxd5 5. e4 Nxc3 6. bxc3 c5 7. Nf3 cxd4 8. cxd4 Bb4+ 9. Bd2 Bxd2+ 10. Qxd2 0-0 11. Rc1 b6 12. Bd3 Bb7 13. Qe3 Nd7 14. e5 Bxf3 15. Qxf3 b5 16. 0-0 b4 17. Rc6 Nb6 18. Rd6 Qe7 19. Rc1 Rac8 20. Rc5 g6 21. g3 Rc7 22. h4 Rd7 23. Rcc6 Rfd8 24. Rxd7 Qxd7 25. h5 Nd5 26. Rc5 Qe7 27. h6 Qg5 28. Bc4 Ne7 29. Qf6 Qxf6 30. exf6 Nf5 31. g4 Nxh6 32. f3 Kf8 33. Rc7 g5 34. d5 exd5 35. Bxd5 Ke8 36. Re7+ Kf8 37. Rxa7 Ke8 38. Re7+ Kf8 39. Rb7 Ke8 40. Bc6+ Kf8 41. Ba4 Ra8 42. Kf2 Ng8 43. Bb3 Nh6 44. Rxb4 Ke8 45. Rb6 Kd7 46. Kg3 Ra5 47. f4 gxf4+ 48. Kxf4 Kc7 49. Rb4 Ng8 50. g5 h6 51. g6 Nxf6 52. gxf7 Ra8 53. Kf5 Nd7 1-0

[Event "Texas Collegiate Finals"]
[Site "Brownsville"]
[Date "2023.09.16"]
[Round "1.7"]
[White "Macovei, Andrei"]
[Black "Druska, Juraj"]
[Result "1/2-1/2"]
[WhiteElo "2438"]
[BlackElo "2471"]
[PlyCount "190"]
[EventDate "2023.09.16"]
[EventType "team-tourn"]
[EventRounds "4"]
[EventCountry "USA"]
[SourceTitle "EXT 2024"]
[Source "ChessBase"]
[SourceDate "2023.10.10"]
[SourceVersion "1"]
[SourceVersionDate "2023.10.10"]
[SourceQuality "1"]
[WhiteTeam "Texas Dallas Univ II"]
[BlackTeam "Texas Rio Grande Valley Univ"]
[WhiteTeamCountry "USA"]
[BlackTeamCountry "USA"]

1. e4 e6 2. d4 d5 3. Nc3 Nf6 4. e5 Nfd7 5. f4 c5 6. Nf3 Nc6 7. Be3 a6 8. a3 cxd4 9. Nxd4 Bc5 10. Qd2 Bxd4 11. Bxd4 Nxd4 12. Qxd4 Qb6 13. Qxb6 Nxb6 14. Bd3 Bd7 15. b3 f6 16. Ne2 Ke7 17. Nd4 fxe5 18. fxe5 Raf8 19. Rf1 Be8 20. Kd2 Nd7 21. Rae1 Rxf1 22. Bxf1 Rf8 23. c4 Bg6 24. cxd5 exd5 25. Nf3 Be4 26. Ng5 Rf2+ 27. Ke3 Rb2 28. Nxe4 Rxb3+ 29. Kf4 dxe4 30. Rc1 Rxa3 31. Rc7 b5 32. Be2 Kd8 33. Rc6 e3 34. e6 Nf6 35. Bf3 b4 36. g4 h6 37. h4 Ra5 38. Kxe3 Rb5 39. g5 hxg5 40. hxg5 Rxg5 41. Rxa6 Rb5 42. Kd2 g5 43. Be2 Rb7 44. Kc2 Ne4 45. Kb2 Nc5 46. Rc6 Rc7 47. Rd6+ Ke7 48. Rd5 Nxe6 49. Bg4 Nf4 50. Rxg5 Nd3+ 51. Kb3 Rc3+ 52. Ka4 Ra3+ 53. Kb5 b3 54. Kc4 b2 55. Rb5 Ra1 56. Kxd3 b1Q+ 57. Rxb1 Rxb1 58. Kc3 Kd6 59. Bf5 Rg1 60. Kb2 Kc5 61. Be4 Rg4 62. Bf5 Rg5 63. Be4 Kd4 64. Bh7 Rb5+ 65. Kc2 Rb7 66. Bg6 Rg7 67. Bf5 Kc4 68. Be6+ Kd4 69. Bf5 Rg5 70. Be6 Rc5+ 71. Kb2 Kd3 72. Bf7 Rb5+ 73. Ka1 Kc3 74. Bg8 Ra5+ 75. Kb1 Ra6 76. Bf7 Rb6+ 77. Ka1 Kc2 78. Bg8 Ra6+ 79. Ba2 Rf6 80. Bb1+ Kb3 81. Ba2+ Ka3 82. Bb1 Rf2 83. Bh7 Ra2+ 84. Kb1 Rb2+ 85. Ka1 Rb6 86. Bg8 Rh6 87. Ba2 Rf6 88. Bb1 Kb3 89. Ba2+ Kc2 90. Bb1+ Kc1 91. Ba2 Rf1 92. Bb1 Rg1 93. Bf5 Rg5 94. Bb1 Rb5 95. Ba2 Ra5 1/2-1/2

[Event "Sunnyvale Silicon Valley Fall op"]
[Site "Sunnyvale"]
[Date "2023.09.04"]
[Round "8"]
[White "Kantor, Gergely"]
[Black "Macovei, Andrei"]
[Result "0-1"]
[WhiteElo "2529"]
[BlackElo "2438"]
[PlyCount "62"]
[EventDate "2023.08.31"]
[EventType "swiss"]
[EventRounds "9"]
[EventCountry "USA"]
[SourceTitle "EXT 2024"]
[Source "ChessBase"]
[SourceDate "2023.10.10"]
[SourceVersion "1"]
[SourceVersionDate "2023.10.10"]
[SourceQuality "1"]

1. Nf3 Nf6 2. g3 g6 3. d4 Bg7 4. c4 0-0 5. Bg2 d6 6. Nc3 c5 7. 0-0 Nc6 8. d5 Na5 9. Nd2 e6 10. Qc2 exd5 11. cxd5 Re8 12. b3 b5 13. Bb2 b4 14. Nce4 Nxe4 15. Bxe4 Bxb2 16. Qxb2 c4 17. bxc4 Nxc4 18. Nxc4 Rxe4 19. Rfc1 a5 20. f3 Re8 21. e4 f5 22. Qd4 fxe4 23. fxe4 Bh3 24. Nd2 Rc8 25. Rc6 Qe7 26. Rac1 Rf8 27. Rxc8 Bxc8 28. Kg2 Qd7 29. Rf1 Rxf1 30. Nxf1 Qa4 31. Qc4 Bd7 0-1

[Event "Barbera del Valles op 45th"]
[Site "Barbera del Valles"]
[Date "2023.07.08"]
[Round "5"]
[White "Alcala Gonzalez, Cesar"]
[Black "Macovei, Andrei"]
[Result "1-0"]
[WhiteElo "2329"]
[BlackElo "2436"]
[PlyCount "113"]
[EventDate "2023.07.04"]
[EventType "swiss"]
[EventRounds "9"]
[EventCountry "ESP"]
[SourceTitle "EXT 2024"]
[Source "ChessBase"]
[SourceDate "2023.10.10"]
[SourceVersion "1"]
[SourceVersionDate "2023.10.10"]
[SourceQuality "1"]

1. d4 Nf6 2. c4 g6 3. Nc3 Bg7 4. e4 d6 5. h3 0-0 6. Be3 e5 7. d5 Na6 8. Bd3 Nd7 9. a3 Nac5 10. Bc2 f5 11. Nf3 Nf6 12. Bxc5 dxc5 13. Qe2 Qe7 14. 0-0-0 Ne8 15. Rhe1 Nd6 16. exf5 gxf5 17. Nxe5 Qg5+ 18. Kb1 Re8 19. Nf3 Qxg2 20. Qd3 Rxe1 21. Rxe1 Bd7 22. Rg1 Qxh3 23. Qe3 Qh5 24. Ne5 f4 25. Nxd7 fxe3 26. Nf6+ Kh8 27. Nxh5 exf2 28. Rf1 Bd4 29. Bd3 Rg8 30. Nf4 Rg1 31. Ka2 Nf5 32. Ne4 Rxf1 33. Bxf1 Ne3 34. Nd2 Nd1 35. Nd3 Ne3 36. Be2 Kg7 37. Nxf2 Nxc4 38. Nxc4 Bxf2 39. Na5 b6 40. Nc6 a5 41. Kb3 Kf6 42. Kc4 Kg5 43. Nd8 Kf4 44. Bd3 Ke5 45. Bxh7 a4 46. Bc2 b5+ 47. Kxb5 Kxd5 48. Bxa4 c4 49. Bd1 Bd4 50. Bf3+ Kd6 51. Nb7+ Ke7 52. Kxc4 Bxb2 53. a4 Kd7 54. Kb5 Kc8 55. Na5 Kb8 56. Nc6+ Kc8 57. Bg4+ 1-0

[Event "Barbera del Valles op 45th"]
[Site "Barbera del Valles"]
[Date "2023.07.07"]
[Round "4"]
[White "Macovei, Andrei"]
[Black "Grigoryan, Karen H"]
[Result "0-1"]
[WhiteElo "2436"]
[BlackElo "2621"]
[PlyCount "88"]
[EventDate "2023.07.04"]
[EventType "swiss"]
[EventRounds "9"]
[EventCountry "ESP"]
[SourceTitle "CBM 215 Extra"]
[Source "ChessBase"]
[SourceDate "2023.09.30"]
[SourceVersion "1"]
[SourceVersionDate "2023.09.30"]
[SourceQuality "1"]

1. e4 c5 2. Nf3 e6 3. d4 cxd4 4. Nxd4 Nc6 5. Nc3 Qc7 6. Be3 a6 7. a3 Nf6 8. f4 d6 9. Qf3 Be7 10. 0-0-0 h5 11. h3 h4 12. g4 hxg3 13. Qxg3 g6 14. Bg2 Na5 15. Kb1 Bd7 16. Bc1 Rc8 17. Nde2 b5 18. Rhf1 Nc4 19. b3 Nb6 20. Qd3 Rh5 21. Bb2 Rc5 22. Rc1 a5 23. Na2 d5 24. e5 Ne4 25. Nd4 Nc4 26. b4 Nxb2 27. Kxb2 Rc4 28. c3 axb4 29. axb4 Ra8 30. Bxe4 Qa7 31. Ra1 dxe4 32. Qxe4 Qa3+ 33. Kc2 Bxb4 34. Qxa8+ Qxa8 35. Nxb4 Qe4+ 36. Kb3 Qe3 37. Rac1 Rxd4 38. Nc2 Qd3 39. Nxd4 Qc4+ 40. Kb2 b4 41. Rfd1 Ba4 42. Rd2 bxc3+ 43. Rxc3 Qb4+ 44. Nb3 Bxb3 0-1

[Event "Titled Tuesday intern op 23rd May Early"]
[Site "Chess.com INT"]
[Date "2023.05.23"]
[Round "2"]
[White "Novikova, Galina"]
[Black "Macovei, Andrei"]
[Result "1-0"]
[WhiteElo "2073"]
[BlackElo "2436"]
[PlyCount "49"]
[EventDate "2023.05.23"]
[EventType "swiss (blitz)"]
[EventRounds "11"]
[EventCountry "USA"]
[SourceTitle "CBM 214 Extra"]
[Source "ChessBase"]
[SourceDate "2023.07.31"]
[SourceVersion "1"]
[SourceVersionDate "2023.07.31"]
[SourceQuality "1"]

1. e4 c6 2. d4 d5 3. e5 Bf5 4. Nc3 e6 5. g4 Bg6 6. Nge2 h6 7. Nf4 Bh7 8. Be3 Nd7 9. Bd3 Bxd3 10. Qxd3 a6 11. 0-0-0 Ne7 12. h4 c5 13. Kb1 cxd4 14. Bxd4 Nc6 15. Ncxd5 Nxd4 16. Qxd4 exd5 17. e6 Nf6 18. exf7+ Kxf7 19. g5 hxg5 20. hxg5 Rxh1 21. Rxh1 Ne4 22. g6+ Kg8 23. Nxd5 Nxf2 24. Qxf2 Qxd5 25. Rh8+ 1-0

[Event "Olympiad-44"]
[Site "Chennai"]
[Date "2022.08.07"]
[Round "9.2"]
[White "Macovei, Andrei"]
[Black "Parligras, Mircea Emilian"]
[Result "1/2-1/2"]
[WhiteElo "2478"]
[BlackElo "2576"]
[PlyCount "79"]
[EventDate "2022.07.29"]
[EventType "team-swiss"]
[EventRounds "11"]
[EventCountry "IND"]
[SourceTitle "CBM 210"]
[Source "ChessBase"]
[SourceDate "2022.10.31"]
[SourceVersion "1"]
[SourceVersionDate "2022.10.31"]
[SourceQuality "1"]
[WhiteTeam "Moldova"]
[BlackTeam "Romania"]
[WhiteTeamCountry "MDA"]
[BlackTeamCountry "ROU"]

1. e4 e5 2. Nf3 Nc6 3. Bc4 Bc5 4. c3 Nf6 5. d3 0-0 6. 0-0 d5 7. exd5 Nxd5 8. Re1 Bg4 9. Nbd2 Nb6 10. h3 Bh5 11. Bb3 Qxd3 12. Nxe5 Qf5 13. Nef3 Rad8 14. Qe2 Nd5 15. Ne4 Bxf3 16. Qxf3 Qxf3 17. gxf3 Bb6 18. Kf1 Ne5 19. Nc5 Bxc5 20. Rxe5 c6 21. Bd2 Bd6 22. Re4 Nf6 23. Rd4 Be5 24. Rxd8 Rxd8 25. Bg5 h6 26. Bxf6 Bxf6 27. Rd1 Rxd1+ 28. Bxd1 Kf8 29. Ke2 Ke7 30. Bb3 Bg5 31. Kd3 Bc1 32. Kc2 Bf4 33. a4 a5 34. Bc4 Bc7 35. Kd3 Bb6 36. Ke2 Bc5 37. Kf1 g5 38. Ke2 f6 39. f4 gxf4 40. f3 1/2-1/2

[Event "Olympiad-44"]
[Site "Chennai"]
[Date "2022.08.05"]
[Round "7.2"]
[White "Mchedlishvili, Mikheil"]
[Black "Macovei, Andrei"]
[Result "1/2-1/2"]
[WhiteElo "2593"]
[BlackElo "2478"]
[PlyCount "71"]
[EventDate "2022.07.29"]
[EventType "team-swiss"]
[EventRounds "11"]
[EventCountry "IND"]
[SourceTitle "CBM 210"]
[Source "ChessBase"]
[SourceDate "2022.10.31"]
[SourceVersion "1"]
[SourceVersionDate "2022.10.31"]
[SourceQuality "1"]
[WhiteTeam "Georgia"]
[BlackTeam "Moldova"]
[WhiteTeamCountry "GEO"]
[BlackTeamCountry "MDA"]

1. d4 Nf6 2. c4 e6 3. Nf3 d5 4. Nc3 c5 5. cxd5 Nxd5 6. e4 Nxc3 7. bxc3 cxd4 8. cxd4 Bb4+ 9. Bd2 Bxd2+ 10. Qxd2 0-0 11. Bc4 Nd7 12. 0-0 b6 13. Rfe1 Bb7 14. Rad1 Rc8 15. Bb3 Re8 16. h3 Qf6 17. Re3 Qf4 18. Qe2 Nf6 19. g3 Qc7 20. Ne5 b5 21. Ng4 Nxg4 22. hxg4 Qb6 23. d5 exd5 24. Bxd5 Bxd5 25. Rxd5 a6 26. g5 h6 27. Kg2 hxg5 28. Rxg5 Rc5 29. Rg4 Qe6 30. Rh4 Re5 31. Qb2 f5 32. exf5 Qd5+ 33. Rf3 Rxf5 34. Qb3 Qxb3 35. axb3 Rxf3 36. Kxf3 1/2-1/2

[Event "BL2-Sued 2122"]
[Site "Germany"]
[Date "2022.06.19"]
[Round "8.2"]
[White "Breder, Dennis"]
[Black "Macovei, Andrei"]
[Result "1/2-1/2"]
[WhiteElo "2468"]
[BlackElo "2453"]
[PlyCount "69"]
[EventDate "2022.03.05"]
[EventType "team-tourn"]
[EventRounds "10"]
[EventCountry "GER"]
[SourceTitle "EXT 2023"]
[Source "ChessBase"]
[SourceDate "2022.10.05"]
[SourceVersion "1"]
[SourceVersionDate "2022.10.05"]
[SourceQuality "1"]
[WhiteTeam "Baden-Baden II"]
[BlackTeam "Stuttgart"]
[WhiteTeamCountry "GER"]
[BlackTeamCountry "GER"]

1. e4 c5 2. Nf3 d6 3. Bb5+ Nd7 4. d4 cxd4 5. Qxd4 a6 6. Bxd7+ Bxd7 7. 0-0 Nf6 8. Bg5 e6 9. Na3 Bc6 10. Nc4 Bxe4 11. Bxf6 Qxf6 12. Qxe4 d5 13. Qe2 dxc4 14. Qxc4 Be7 15. c3 0-0 16. Rad1 b5 17. Qe4 Rfd8 18. Ne5 Bf8 19. Nd7 Qe7 20. Rd4 Ra7 21. Nxf8 Rxf8 22. Rfd1 Raa8 23. g3 h6 24. Rd7 Qf6 25. R1d6 a5 26. a3 Rab8 27. Rd4 Rfd8 28. Qc6 Rxd7 29. Rxd7 Qe5 30. Qf3 f5 31. Qd3 Kh7 32. Kg2 b4 33. axb4 axb4 34. Qd4 Qxd4 35. Rxd4 1/2-1/2

[Event "Targu Mures op-A"]
[Site "Targu Mures"]
[Date "2022.06.11"]
[Round "9"]
[White "Macovei, Andrei"]
[Black "Gorodetzky, David"]
[Result "1/2-1/2"]
[WhiteElo "2470"]
[BlackElo "2496"]
[PlyCount "112"]
[EventDate "2022.06.04"]
[EventType "swiss"]
[EventRounds "9"]
[EventCountry "ROU"]
[SourceTitle "CBM 208 Extra"]
[Source "ChessBase"]
[SourceDate "2022.07.31"]
[SourceVersion "1"]
[SourceVersionDate "2022.07.31"]
[SourceQuality "1"]

1. e4 e5 2. Nf3 Nc6 3. Bc4 Bc5 4. c3 Nf6 5. d3 d6 6. 0-0 h6 7. Re1 a6 8. a4 Ba7 9. Be3 Bxe3 10. Rxe3 0-0 11. Nbd2 Kh8 12. h3 d5 13. exd5 Nxd5 14. Bxd5 Qxd5 15. Qb3 Rd8 16. Qxd5 Rxd5 17. c4 Rd6 18. Nxe5 Nxe5 19. Rxe5 Be6 20. Ne4 Rxd3 21. Nc5 Rd2 22. b3 Rb2 23. Rd1 Rf8 24. Nxe6 fxe6 25. f3 Rf6 26. Re3 Rg6 27. g4 e5 28. Rdd3 Rd6 29. Rd5 Kg8 30. a5 Kf7 31. h4 Kf6 32. Rexe5 Rxb3 33. Rf5+ Ke7 34. Rde5+ Re6 35. Kf2 Rc3 36. Rc5 c6 37. g5 hxg5 38. Rxg5 Rf6 39. Rxg7+ Kd6 40. Rcg5 Rcxf3+ 41. Kg2 Rf2+ 42. Kg3 R2f3+ 43. Kg2 Rf2+ 44. Kg3 R6f3+ 45. Kg4 Rf4+ 46. Kh5 Rxc4 47. R5g6+ Kc5 48. Rxb7 Rff4 49. Rg5+ Kd6 50. Rg6+ Kd5 51. Rg5+ Kd6 52. Rg6+ Ke5 53. Rg5+ Ke6 54. Rg6+ Ke5 55. Rg5+ Kf6 56. Rg6+ Ke5 1/2-1/2

[Event "Targu Mures op-A"]
[Site "Targu Mures"]
[Date "2022.06.05"]
[Round "3"]
[White "Macovei, Andrei"]
[Black "Bonte, Andrei Mihai"]
[Result "1/2-1/2"]
[WhiteElo "2470"]
[BlackElo "2343"]
[PlyCount "49"]
[EventDate "2022.06.04"]
[EventType "swiss"]
[EventRounds "9"]
[EventCountry "ROU"]
[SourceTitle "CBM 208 Extra"]
[Source "ChessBase"]
[SourceDate "2022.07.31"]
[SourceVersion "1"]
[SourceVersionDate "2022.07.31"]
[SourceQuality "1"]

1. e4 e6 2. d4 d5 3. Nc3 dxe4 4. Nxe4 Nd7 5. Nf3 Ngf6 6. Nxf6+ Nxf6 7. c3 Bd6 8. Bd3 a6 9. Qe2 b6 10. Bg5 Bb7 11. 0-0 c5 12. dxc5 bxc5 13. Rad1 Qc7 14. Bxf6 gxf6 15. Be4 Rd8 16. Bxb7 Qxb7 17. Nd2 0-0 18. Qe4 Qxb2 19. Nc4 Qb8 20. Nxd6 Rxd6 21. Qg4+ Kh8 22. Qf4 e5 23. Qc4 Qc7 24. Rxd6 Qxd6 25. Rb1 1/2-1/2

[Event "Titled Tuesday intern op 31st May Early"]
[Site "Chess.com INT"]
[Date "2022.05.31"]
[Round "1"]
[White "Huber, Benedikt"]
[Black "Macovei, Andrei"]
[Result "0-1"]
[WhiteElo "2288"]
[BlackElo "2453"]
[PlyCount "82"]
[EventDate "2022.05.31"]
[EventType "swiss (blitz)"]
[EventRounds "11"]
[EventCountry "USA"]
[SourceTitle "CBM 208 Extra"]
[Source "ChessBase"]
[SourceDate "2022.07.31"]
[SourceVersion "1"]
[SourceVersionDate "2022.07.31"]
[SourceQuality "1"]

1. d4 Nf6 2. Bf4 e6 3. e3 d5 4. Nf3 Bd6 5. Ne5 0-0 6. Nd2 c5 7. c3 Qc7 8. Bd3 Nbd7 9. Ndf3 Ne4 10. Nxd7 Bxd7 11. Bxd6 Qxd6 12. 0-0 Bc6 13. Qc2 Rac8 14. Ne5 f5 15. Rfd1 Nf6 16. Be2 Qe7 17. Qb3 c4 18. Qc2 b5 19. b3 Be8 20. a4 cxb3 21. Qxb3 bxa4 22. Qb2 Ne4 23. c4 dxc4 24. Bxc4 Nd6 25. Bd3 Nf7 26. Nc4 Bc6 27. Na5 Bd5 28. Rxa4 Ng5 29. h4 Nf7 30. g3 g5 31. h5 g4 32. Bc4 Bf3 33. Be2 Ng5 34. Nc4 Qf7 35. Ne5 Qxh5 36. Nxf3 Nxf3+ 37. Bxf3 gxf3 38. Qb3 Rf6 39. Qb7 Rcf8 40. Rxa7 R6f7 41. Qb6 Qh3 0-1

[Event "Titled Tuesday intern op 31st May Early"]
[Site "Chess.com INT"]
[Date "2022.05.31"]
[Round "5"]
[White "Macovei, Andrei"]
[Black "Martins, Bruno Andre Leite"]
[Result "1-0"]
[WhiteElo "2453"]
[BlackElo "2327"]
[PlyCount "63"]
[EventDate "2022.05.31"]
[EventType "swiss (blitz)"]
[EventRounds "11"]
[EventCountry "USA"]
[SourceTitle "CBM 208 Extra"]
[Source "ChessBase"]
[SourceDate "2022.07.31"]
[SourceVersion "1"]
[SourceVersionDate "2022.07.31"]
[SourceQuality "1"]

1. e4 c6 2. d4 d5 3. e5 Bf5 4. Nf3 e6 5. Be2 Nd7 6. 0-0 h6 7. Nbd2 Ne7 8. c3 g5 9. Re1 Bg7 10. Nf1 0-0 11. Ng3 f6 12. exf6 Nxf6 13. h4 g4 14. Ne5 h5 15. Bg5 Qe8 16. Bd3 Bxd3 17. Qxd3 Nh7 18. Bxe7 Qxe7 19. Ng6 Qf6 20. Nxf8 Rxf8 21. Re2 Qxh4 22. Rxe6 Ng5 23. Nf5 Nf3+ 24. Qxf3 Qg5 25. Ne7+ Qxe7 26. Rxe7 gxf3 27. Rxb7 Re8 28. gxf3 Re2 29. Kf1 Rc2 30. Re1 Kf8 31. Re6 Bh6 32. Rxh6 1-0